00465cam a22001812 4500001001100000005001700011008004100028020002600069040001500095100003800110245004200148250001200190260003700202300001100239650002700250852000300277852000300280000000610520151021151108.0070914s xx 000 0 eng d a9966281673 :cKES 550 aKABUcKABU1 aSaleemi, Nisar Ahmad.@000015129910aFoundations of accounting simplified. a2nd ed. aNairobi :bN. A. Saleemi,c2000. a324 p. 0aAccouting.@00001600621 1